Study of Insignias on the Forehead of Royal Statues in Ancient Egypt /

محفوظ في:

المؤلف الرئيسي: Helpes Fawzy Gendy

التنسيق: كتاب

اللغة: Undetermined

منشور في: 2021

الوسوم: إضافة وسم

لا توجد وسوم, كن أول من يضع وسما على هذه التسجيلة!

رقم الطلب: THESIS 36

LEADER 00467nam a2200121Ia 4500
008 231023s9999||||xx |||||||||||||| ||und||
050 4 |a THESIS 36 
100 0 |a Helpes Fawzy Gendy 
245 1 0 |a Study of Insignias on the Forehead of Royal Statues in Ancient Egypt /   |c Helpes Fawzy Gendy. 
264 1 |c 2021 
942 |2 lcc  |c THESES 
952 |0 0  |1 0  |2 lcc  |4 0  |6 THE S I S36  |7 0  |9 51070  |a ARCE  |b ARCE  |d 2023-10-23  |l 0  |o THESIS 36  |p 1036087  |r 2023-10-23 00:00:00  |w 2023-10-23  |y THESES 
999 |c 54848  |d 54848